Gniezno - quiz wielokrotnego wyboru - Statystyki

Ogólne statystyki
  • Ten quiz został rozwiązany 74 razy
    64 od ostatniego zresetowania
  • Średni wynik to 7 z 10
Statystyki odpowiedzi
Zagadnienie Odpowiedź % Poprawnych
Który święty został pochowany w Katedrze Gnieźnieńskiej? św. Wojciech
91%
Jaki ptak znajduje się na herbie Gniezna? Orzeł
85%
Co znajduje się na Drzwiach Gnieźnieńskich? Sceny z życia św. Wojciecha i jego męczeńskiej śmierci.
85%
Które miasto z podanych, znajduje się najbliżej Gniezna? Poznań
82%
Jak nazywa się legendarny bohater, który miał założyć Gniezno? Lech
76%
Jak nazywa się najsłynniejsze muzeum w Gnieźnie? Muzeum Początków Państwa Polskiego
76%
Jak brzmi przydomek Gniezna? Pierwsza Stolica Polski
76%
Zjazd gnieźnieński, była to pielgrzymka którego cesarza? Ottona III
58%
Gniezno jest pierwszą tego typu metropolią w Polsce. Jaka to jest metropolia? kościelna
36%
W którym wieku zostało założone Gniezno? X w.
33%
Nie znaleziono quizów pasujących do podanych kryteriów
Rozkład punktacji
Procent ludzi z każdym wynikiem
Percentyl według liczby udzielonych odpowiedzi
Twoja historia wyników
Nie rozwiązałeś tego quizu od ostatniego zresetowania